[Event "London Classic op U2050-B 8th"]
[Site "London"]
[Date "2016.12.13"]
[Round "2"]
[White "Shepley, Julien M"]
[Black "Borkowski, Marek"]
[Result "1/2-1/2"]
[WhiteElo "1990"]
[BlackElo "2040"]
[PlyCount "76"]
[EventDate "2016.12.12"]
[EventType "swiss"]
[EventRounds "5"]
[EventCountry "ENG"]
[SourceTitle "EXT 2019"]
[Source "ChessBase"]
[SourceDate "2018.10.10"]
[SourceVersion "1"]
[SourceVersionDate "2018.10.10"]
[SourceQuality "1"]

1. e4 c6 2. d4 d5 3. Nd2 g6 4. Ngf3 Bg7 5. c3 Bg4 6. h3 Bxf3 7. Qxf3 e6 8. Bd3 Ne7 9. 0-0 0-0 10. Re1 c5 11. dxc5 Qc7 12. exd5 Nxd5 13. Nb3 Nd7 14. Be4 N7f6 15. Bxd5 Nxd5 16. Bg5 Rfe8 17. Rad1 a5 18. c4 Nb4 19. a3 Na6 20. Bf6 Nxc5 21. Bxg7 Kxg7 22. Qc3+ Kg8 23. Nxc5 Qxc5 24. Rd7 Qc6 25. Red1 Rac8 26. Qf6 Rf8 27. R1d6 Qxc4 28. Rxb7 Rc7 29. Rd7 Rxb7 30. Rxb7 Qc1+ 31. Kh2 Qc8 32. Re7 Qc5 33. g4 Qd6+ 34. Kg2 Qd5+ 35. Kg3 Qd3+ 36. Kg2 Qd5+ 37. Kg3 Qd3+ 38. Kg2 Qd5+ 1/2-1/2